LEADER 01261nas a2200253 i 4500 001 000000253124 003 CaOOAMICUS 005 20170227000000.0 008 170227b1979 it uu u0 0ita r 013 $a232029 040 $aSeMil$bita 100 1 $aCargnello, Giuseppe <1940- >.$0(OLS)http://semarc/name/94108 245 10$aCanti sacri aquileiesi della tradizione orale /$craccolti da d. Giuseppe Cargnello ; a cura di Pellegrino Ernetti. 260 $aSan Giorgio Maggiore (Venezia) :$b[s.n.],$c1978-1979$e(Venezia :$fTipolito Armena ,$g1978-1979) 300 $a163 p., notazione musicale ;$c24x34 cm. 650 4$aCanto liturgico - Storia.$0(OLS)http://semarc/subject/848 700 1 $aErnetti, Pellegrino Maria,$c.$0(OLS)http://semarc/name/5076 773 0 $tJucunda Laudatio.$dSan Giorgio Maggiore (Venezia) : [s.n.], 1963.$x0022-5711$w()32929 774 0 $t[vedi periodico].$w()290564 850 $aSeMil 852 $aSeMil$W1$xVenegono$y1$m189 7 52$j203470$B203470$CSeMilBibl$Z2$F216266 $85 961 $aRecupero: Colombo don Alberto 996 $6245$aCanti sacri aquileiesi della tradizione orale$9(OLS)http://semarc/title/410385 996 $6260$aSan Giorgio Maggiore (Venezia) :$b[s.n.]$9(OLS)http://semarc/publisher/39462 LEADER 00747nam a2200205 i 4500 001 000000045400 003 CaOOAMICUS 005 20120204000000.0 008 120204s1945 xx u000 u fre u 013 $a16570 040 $aSeMil$bita 100 1 $aSalet, Gaston,$c.$0(OLS)http://semarc/name/17614 245 10$aRichesses du dogme chrétien /$cGaston Salet. 260 $aLe Puy :$bMappus,$c1945. 300 $a235 p. ;$c18 cm. 650 4$aSpiritualitŕ.$0(OLS)http://semarc/subject/5428 850 $aSeMil 852 $aSeMil$W1$xVenegono$y1$m2C I 142$j11555$B11555$CSeMilBibl$Z2$F11555 $81 996 $6245$aRichesses du dogme chrétien$9(OLS)http://semarc/title/67476 996 $6260$aLe Puy :$bMappus$9(OLS)http://semarc/publisher/40681